000 02063cam a2200613 a 4500
001 22105
003 VRT
005 20260320105422.0
008 240315s2014 xo g 000 f slo
015 _aSNBA2015/03
020 _a9788055140278
_q(viaz.)
035 _a9B730867-84B5-4FDD-A124-D7BD015AECA5
035 _aurn:nbn:sk:snk-amjoun
035 _aurn:nbn:sk:snk-am002fv4
039 9 _a202403151919
_bVLOAD
_c201604291803
_dVLOAD
_c201604281010
_dVLOAD
_c201508271526
_dVLOAD
040 _aPOKPOH
_bslo
_cPOKPOH
_dSNK
_eAACR2
041 1 _aslo
_hger
044 _axo
_cSK
072 7 _a821.112.2-3
_xNemecká próza, nemecky písaná
_2konspekt
080 _a325(931)
_22001
080 _a(0:82-311.6)
_22001
080 _a821.112.2-31
_22001
100 1 _aLark, Sarah,
_d1958-
_4aut
240 1 4 _aDie Zeit der Feuerblüten
_lSlovensky
245 1 0 _aVysnívaná krajina
_n[2]
_pCesta za šťastím
_cSarah Larková ; preložila Zuzana Guldanová
246 3 0 _aCesta za šťastím
260 _aBratislava
_bIkar
_c2014
300 _a396 s.
_c24 cm
500 _a2., záverečný diel románu Vysnívaná krajina
650 0 7 _aosídľovanie
_zNový Zéland
_2SNKPH
650 0 7 _aLand settlement
_zNew Zealand
_2SNKPHeng
655 7 _anemecké romány
_2SNKPH
655 7 _ahistorické romány
_2SNKPH
655 7 _aGerman fiction
_2SNKPHeng
655 7 _aHistorical novels
_2SNKPHeng
700 1 _aGuldanová, Zuzana,
_d1963-
_4trl
910 _apokpoh
910 _asnk
910 _apppk
910 _askpk
910 _atotk
910 _abjkdg
910 _attkjf
910 _asllk
910 _avthk
910 _ahevk
942 _2ddc
_cKLDO
_n0
949 _62889216229
_asavukPV 19724
_bsavuk2014/4036
949 _617A1118484
_asnkSC 160786/2
_bsnk2014/23313
_o2261/14
_s6100:20140925
949 _617A1119476
_asnkSC 160786/2 D1
_bsnk2014/24603
_o2261/14
949 _6270001000477231
_asvkbbB 51995-2
_bsvkbbm 748505
949 _63869A12590
_abpksh821.112.2-31
_bbpksh68384
949 _6273K0595473
_asvkpoB 96752
_bsvkpo594273
999 _c22105
_d22105